One Little Finger (Record no. 11954)

MARC details
000 -LEADER
fixed length control field 00326nam a22001337a 4500
008 - FIXED-LENGTH DATA ELEMENTS--GENERAL INFORMATION
fixed length control field 220124b ||||| |||| 00| 0 eng d
020 ## - INTERNATIONAL STANDARD BOOK NUMBER
International Standard Book Number 9789351506836
082 ## - DEWEY DECIMAL CLASSIFICATION NUMBER
Classification number 362
Item number 1
100 ## - MAIN ENTRY--PERSONAL NAME
Personal name Chib Malini
9 (RLIN) 7527
245 ## - TITLE STATEMENT
Title One Little Finger
260 ## - PUBLICATION, DISTRIBUTION, ETC. (IMPRINT)
Place of publication, distribution, etc. New Delhi
Name of publisher, distributor, etc. SAGE Publications
Date of publication, distribution, etc. 2016
300 ## - PHYSICAL DESCRIPTION
Extent 175.P
942 ## - ADDED ENTRY ELEMENTS (KOHA)
Source of classification or shelving scheme Dewey Decimal Classification
Koha item type BOOK
Holdings
Withdrawn status Lost status Source of classification or shelving scheme Damaged status Not for loan Home library Current library Shelving location Date acquired Total Checkouts Full call number Barcode Date last seen Price effective from Koha item type
    Dewey Decimal Classification     Good Samaritan School Library Good Samaritan School Library Hindi Fiction 01/24/2022   362 1 CHI17239 01/24/2022 01/24/2022 BOOK

Powered by Koha